Parodied Movies Quiz Stats

 Plays Quiz Updated Sep 29, 2015

Challenge
Share
Tweet
Score 0/20 Timer 07:00
0 Plays Today
% Correct
Star Wars - Episode IV: A New Hope
98%
300
95.4%
Star Trek
93.8%
Scream
91.5%
Top Gun
90.5%
Twilight
87.6%
Spaceballs
83.9%
Scary Movie
81.2%
Lethal Weapon
74.4%
Octopussy
73.3%
% Correct
Bram Stoker's Dracula
70.1%
Galaxy Quest
52.2%
Hot Shots!
47.6%
Johnny English
39.9%
Meet the Spartans
30%
Dracula: Dead and Loving It
27.4%
Don't Be a Menace to South Central While Drinking your Juice in the Hood
20.3%
Vampires Suck
20%
Loaded Weapon 1
18.6%
Menace II Society
15.4%

You're not logged in!

Compare scores with friends on all Sporcle quizzes.
OR
Log In

You Might Also Like...

Show Comments

Extras

Top Quizzes Today


Score Distribution

Your Account Isn't Verified!

In order to create a playlist on Sporcle, you need to verify the email address you used during registration. Go to your Sporcle Settings to finish the process.

Report this User

Report this user for behavior that violates our Community Guidelines.

Details: